000 00304nam a22001337a 4500
008 181009b xxu||||| |||| 00| 0 eng d
020 _a0675 054850 03
041 _aeng
080 _a510
100 _a38
101 _a MAT
245 _aAlgebra Two with Trigonometry
_cMerrill,Ch.E
942 _2udc
_cBK
999 _c49146
_d49146